| Record ID | ia:whenkatiewakesme00fowl |
| Source | Internet Archive |
| Download MARC XML | https://archive.org/download/whenkatiewakesme00fowl/whenkatiewakesme00fowl_marc.xml |
| Download MARC binary | https://www.archive.org/download/whenkatiewakesme00fowl/whenkatiewakesme00fowl_meta.mrc |
LEADER: 01320cam 2200349 a 4500
001 2001037165
003 DLC
005 20041229201502.0
008 010530s2002 nyu 000 0aeng
010 $a 2001037165
020 $a038550201X
040 $aDLC$cDLC$dDLC
043 $an-us-fl
050 00 $aPS3556.O8265$bZ477 2002
082 00 $a813/.54$aB$221
100 1 $aFowler, Connie May.
245 10 $aWhen Katie wakes :$ba memoir /$cConnie May Fowler.
250 $a1st ed.
260 $aNew York :$bDoubleday,$c2002.
300 $axi, 271 p. ;$c22 cm.
600 10 $aFowler, Connie May$xChildhood and youth.
650 0 $aNovelists, American$y20th century$vBiography.
650 0 $aAbused children$xServices for$zFlorida.
650 0 $aWomen dog owners$zFlorida$vBiography.
600 10 $aFowler, Connie May$xRelations with men.
650 0 $aAbused women$xServices for$zFlorida.
650 0 $aAbused children$zFlorida$vBiography.
650 0 $aAbused women$zFlorida$vBiography.
650 0 $aLabrador retriever.
856 42 $3Contributor biographical information$uhttp://www.loc.gov/catdir/bios/random053/2001037165.html
856 41 $3Sample text$uhttp://www.loc.gov/catdir/samples/random042/2001037165.html
856 42 $3Publisher description$uhttp://www.loc.gov/catdir/description/random045/2001037165.html